Geography in classical antiquity /

محفوظ في:

المؤلف الرئيسي: Dueck, Daniela, 1965- (مؤلف)

مؤلفون آخرون: Brodersen, Kai.

التنسيق: كتاب

اللغة: English

منشور في: Cambridge ; New York : Cambridge University Press, 2012.

سلاسل: Key themes in ancient history.

الموضوعات:

الوسوم: إضافة وسم

لا توجد وسوم, كن أول من يضع وسما على هذه التسجيلة!

رقم الطلب: G84 .D84 2012

LEADER 01120namaa2200301 4500
001 21644
003 OSt
005 20250918111515.0
008 130303s2012 enka b 001 0 eng d
010 |a 2012001939 
020 |a 9780521197885 
040 |c ARCE Library 
043 |a e-gr---  |a e------  |a aw-----  |a ff----- 
050 4 |a G84 .D84 2012 
100 1 |a Dueck, Daniela,   |d 1965-   |e author  |9 29273 
245 1 0 |a Geography in classical antiquity /   |c Daniela Dueck ; with a chapter by Kai Brodersen. 
264 1 |a Cambridge ;   |a New York :   |b Cambridge University Press,   |c 2012. 
300 |a xvi, 142 pages :   |b illustrations ;   |c 24 cm. 
490 0 |a Key themes in ancient history. 
504 |a Includes bibliographical references (pages 122-135) and index. 
505 0 |a 1. Introduction -- 2. Descriptive geography -- 3. Mathematical geography -- 4. Cartography -- 5. Geography in practice. 
650 0 |a Geography, Ancient  |x History. 
650 0 |a Geography  |z Greece  |x History. 
650 0 |a Geography  |z Rome  |x History. 
700 1 |a Brodersen, Kai.  |9 27336 
901 |a reviewed 
942 |c BK  |2 lcc 
999 |c 21872  |d 21872